000 00475nam a2200157 i 4500
001 90718
003 ES-MaACL
005 20230906180537.0
007 t|
008 050124s1972 sp ||||1| spa d
100 1 _aLeñano, Fausto.
_971562
245 1 0 _aCómo se cultivan las hortalizas de raíz, tubérculo y bulbo /
_cFausto Leñano.
260 _aBarcelona :
_bDe Vecchi,
_c[1972]
300 _a157 p., 12 lám. :
_bil. ;
_c21 cm.
852 _aES-MaACL
_jC-48861
_bR.82943
999 _c90718
_d90718